Statistics for Countries of the World by Second Letter - L - 30 Seconds Sprint

Click here to take the quiz!

General Stats

  • This quiz has been taken 51 times
  • The average score is 4 of 5

Answer Stats

ContinenCountry% Correct
EuropeSlovakia
79%
EuropeSlovenia
76%
AfricaAlgeria
71%
EuropeAlbania
64%
North AmericaEl Salvador
62%

Score Distribution

Percentile by Number Answered

Percent of People with Each Score

Your Score History

You have not taken this quiz